01371 2200217 4500001002100000005001500021035002000036008004100056020002000097041000700117082000800124090001400132100002000146245005100166260003800217300003400255084001400289250001000303500081400313990002601127INLIS00000000000223520230517013717 a0010-0722002235230517 | | ind  a978-979-3483-74 aid a634 a634 Ari t0 aARIYANTORO,hadi1 aTabulampot untuk menambah penghasilan keluarga aYogyakarta :bIntan Sejati,c2006 aiv, 44 hlm. :bilus. ;c24 cm a634 Ari t aCet.1 aBudi daya tanaman buah dalam pot atau yang lebih populer disebut Tabulampot pada dasarnya adalah menanam tanaman buah dengan menggunakan media tanam dalam pot. Jenis pot disesuaikan dengan jenis, umur dan ukuran tanaman buah.Ada beberapa tanaman buah yang hingga saat inibelum berhasil dibudidayakan sebagai Tabulampot, misalnya apokat, durian, gandaria, nangka besar, dan namnam. Tanaman buah yang paling mudah dibudidayakan sebagai Tabulampot dan mampu berbuah antara lain belimbing, jambu biji, jeruk kecil, dan kedondong. Jambu bol, jambu, mawar, manggis, duku, jamblang, lengkkeng, nangka madu, rambutan, dan sirsak merupakan tanaman buah yang mudah dibudidayakan sebagai Tabulampot. Anggur, asam, jambu air, sawo, buni, dan lpbi-lobi adalah tanaman buah yang agak mudah dibudidayakan sebagai Tabulampot. ac.3(10898/STPP/Pb/09)